000 00620cam a2200217 a 4500
001 4714738
005 20180205082227.0
008 830726s1984 nyua b 001 0 eng
010 _a 83014772
020 _a0471882135 :
_c$19.95
040 _aDLC
_cDLC
_dDLC
041 _aeng
080 _a658.4012
082 0 0 _a658.4012 ACK
_219
100 1 _a54
101 _aLID
245 1 2 _aA guide to controlling your corporation's future /
_cRussell L. Ackoff, Jamshid Gharajedaghi, Elsa Vergara Finnel.
504 _aBibliography: p. 159.
906 _a7
_bcbc
_corignew
_d1
_eocip
_f19
_gy-gencatlg
942 _2ddc
_cBK
999 _c41807
_d41807